Language Quiz #1 - Statistics

General Stats
  • This quiz has been taken 15 times
  • The average score is 12 of 16
Answer Stats
Sentence Answer % Correct
Hi, how are you? English
100%
こんにちは お元気ですか? Japanese
100%
¿hola, cómo estás? Spanish
100%
你好,最近过得怎么样? Chinese
93%
مرحباً كيف حالك؟ Arabic
86%
Ehi, come stai? Italian
86%
Привет, как дела? Russian
86%
Xin chào bạn khoẻ không? Vietnamese
86%
Hallo hoe is het? Dutch
79%
Oi, como vai? Portuguese
79%
Hallo, hoe gaan dit met jou? Afrikaans
64%
?שלום, מה שלומך Hebrew
64%
سلام، حالتون چطوره؟ Persian
64%
Szia! Hogy vagy? Hungarian
57%
Сайн байна уу, сайн уу? Mongolian
57%
Hello, apa khabar? Malay
43%
No matching quizzes found
Score Distribution
Percent of People with Each Score
Percentile by Number Answered
Your Score History
You have not taken this quiz